01200nem a2200217 u 450000500170000000800410001704000250005804100080008304400070009111000820009824501440018025500120032426000980033630000360043450003990047065000180086965000150088765000160090271000180091871000460093620200104041742.0160503b2005 c ||||| |c|| 00| 0 spa d aCO-BoIAVHcCO-BoIAVH aspa ack2 aInstituto de Investigación de Recursos Biológicos Alexander von Humboldt.1 aMapa de geomorfologia de la cuenca Cane - Iguaque cUnidad de sistemas de información geográfica UNISIG- IAvH h[Material Cartografico] a1:00000 aBogotábInstituto de Investigación de Recursos Biológicos Alexander von Humboldt.c2005 a16 mapas ;b color c44 x 30 cm aConvenio interadministrativo de cooperación técnica entre la comisión conjunta para la ordenación y manejo ambiental de la cuenca del Río Cane - Iguaque corporación autónoma regional de Boyaca, corpoboyaca- territorial norandina de la unidad administrativa especial de parques nacionales naturales y el Instituto de investigación de recursos biológicos Alexander Von Humboldt 06aHidrografía06aCarreteras06aGeografía2 aCorpoboyacá2 aParques nacionales naturales de Colombia